|
|
|
|
| LEADER |
01286nam a22003011 4500 |
| 001 |
c000201481 |
| 003 |
CARM |
| 005 |
20021125001900.0 |
| 008 |
851113m19711973vs 0 vie d |
| 019 |
1 |
|
|a 4120616
|5 LACONCORD2021
|
| 035 |
|
|
|a (OCoLC)218517437
|5 LACONCORD2021
|
| 043 |
|
|
|a a-vt---
|
| 100 |
0 |
|
|a Tự Đức,
|c King of Vietnam,
|d 1843-1883
|
| 240 |
1 |
0 |
|a Collections
|
| 245 |
1 |
0 |
|a Tu-Dac Thanh Che Van Tam Tap.
|
| 260 |
|
|
|a Saigon :
|b Phu Quoc-Vu-Khanh Dac Trach Van Hoa,
|c 1971,
|c 1973.
|
| 300 |
|
|
|a 2v.
|
| 440 |
|
0 |
|a Tủ sách cổ văn
|
| 500 |
|
|
|a Text in Vietnamese and Chinese.
|
| 505 |
0 |
|
|a V.1, Quyen Muc Luc. Tu quyen 1 den quyen 8. V.2, Tu quyen 9 den quyen 14 (tron bo).
|
| 852 |
8 |
|
|b CARM
|h A2:AK38G0
|i C08100
|p 0294947
|f BK
|
| 852 |
8 |
|
|b CARM
|h A2:AK38G0
|i C08100
|p 0294949
|f BK
|
| 852 |
8 |
|
|b CARM
|h A2:AK38G0
|i C08100
|p 0294950
|f BK
|
| 082 |
0 |
4 |
|a 959.703
|
| 999 |
f |
f |
|i 6b1cccd9-4589-5eba-a708-53d2a2815185
|s d91ac61f-3179-5c69-b050-8413b07bd351
|
| 952 |
f |
f |
|p Can circulate
|a CAVAL
|b CAVAL
|c CAVAL
|d CARM 1 Store
|e C08100
|f A2:AK38G0
|h Other scheme
|i book
|m 0294949
|
| 952 |
f |
f |
|p Can circulate
|a CAVAL
|b CAVAL
|c CAVAL
|d CARM 1 Store
|e C08100
|f A2:AK38G0
|h Other scheme
|i book
|m 0294950
|
| 952 |
f |
f |
|p Can circulate
|a CAVAL
|b CAVAL
|c CAVAL
|d CARM 1 Store
|e C08100
|f A2:AK38G0
|h Other scheme
|i book
|m 0294947
|